000 00891nam a22003017a 4500
003 CHAP
005 20220329140332.0
008 971013s1989 r 00010 d
010 _a50582
011 _a51554
035 _a55704
040 _cCHAP
082 _a632.7
_bP5 1988
100 0 0 _aPlanes GarcĂ­a, Silverio.
_988733
245 _aPlagas del campo
260 _aMadrid :
_bMundi-Prensa,
_c1989
300 _a398 p.
_b: ilus.
590 _aBATCH-UPD
_b10
_c20130110
_lUCH01
_h0810
590 _aBATCH-UPD
_b10
_c20130410
_lUCH01
_h0447
590 _aBATCH-UPD
_b10
_c20130914
_lUCH01
_h0025
590 _aCONVERSION
_b10
_c20130109
_lUCH01
_h1327
650 1 4 _aAgricultura
_xPlagas.
_91764
650 1 4 _aControl de plagas.
_927595
650 1 4 _aFitopatologĂ­a.
_941161
901 _aBK
942 _cLIBRO
949 _a632.7 P5 1988
_bBC
_cLIBRO
_d33724000536124
_eLIBRO
_h79318
_i55704
_si
999 _c50582
_d50582